<?xml version="1.0" encoding="UTF-8"?>
<record
    xmlns:xsi="http://www.w3.org/2001/XMLSchema-instance"
    xsi:schemaLocation="http://www.loc.gov/MARC21/slim http://www.loc.gov/standards/marcxml/schema/MARC21slim.xsd"
    xmlns="http://www.loc.gov/MARC21/slim">

  <leader>01317cam a2200361 a 4500</leader>
  <controlfield tag="001">17379639</controlfield>
  <controlfield tag="003">OSt</controlfield>
  <controlfield tag="005">20260210092113.0</controlfield>
  <controlfield tag="008">120710s2011    ke           f000 0 eng  </controlfield>
  <datafield tag="010" ind1=" " ind2=" ">
    <subfield code="a">  2012311603</subfield>
  </datafield>
  <datafield tag="020" ind1=" " ind2=" ">
    <subfield code="a">9966821287</subfield>
    <subfield code="q">v. 1</subfield>
  </datafield>
  <datafield tag="020" ind1=" " ind2=" ">
    <subfield code="a">9789966821287</subfield>
    <subfield code="q">(v. 1)</subfield>
  </datafield>
  <datafield tag="035" ind1=" " ind2=" ">
    <subfield code="a">17379639</subfield>
  </datafield>
  <datafield tag="040" ind1=" " ind2=" ">
    <subfield code="a">DLC</subfield>
    <subfield code="c">DLC</subfield>
    <subfield code="d">DLC</subfield>
  </datafield>
  <datafield tag="042" ind1=" " ind2=" ">
    <subfield code="a">lcode</subfield>
    <subfield code="a">pcc</subfield>
  </datafield>
  <datafield tag="043" ind1=" " ind2=" ">
    <subfield code="a">f-ke---</subfield>
  </datafield>
  <datafield tag="050" ind1="0" ind2="0">
    <subfield code="a">KSK4200</subfield>
    <subfield code="b">.A49 2011</subfield>
  </datafield>
  <datafield tag="100" ind1=" " ind2=" ">
    <subfield code="a">Murungi Michael M  (ed.)</subfield>
    <subfield code="9">59007</subfield>
  </datafield>
  <datafield tag="245" ind1="0" ind2="4">
    <subfield code="a">The Kenya law reports :</subfield>
    <subfield code="b">gender based violence (GBV) /</subfield>
    <subfield code="c">editor Michael M. Murungi.</subfield>
  </datafield>
  <datafield tag="246" ind1="3" ind2="0">
    <subfield code="a">Gender based violence</subfield>
  </datafield>
  <datafield tag="260" ind1=" " ind2=" ">
    <subfield code="a">Nairobi :</subfield>
    <subfield code="b">National Council for Law Reporting,</subfield>
    <subfield code="c">2011.</subfield>
  </datafield>
  <datafield tag="300" ind1=" " ind2=" ">
    <subfield code="a">Li,330 p. </subfield>
  </datafield>
  <datafield tag="500" ind1=" " ind2=" ">
    <subfield code="a">"This law report is cited thus (2010) 1 KLR (GBV)"--T.p. verso.</subfield>
  </datafield>
  <datafield tag="650" ind1=" " ind2="0">
    <subfield code="a">Sex crimes</subfield>
    <subfield code="x">Law and legislation</subfield>
    <subfield code="z">Kenya</subfield>
    <subfield code="v">Cases.</subfield>
    <subfield code="9">59043</subfield>
  </datafield>
  <datafield tag="650" ind1=" " ind2="0">
    <subfield code="a">Women</subfield>
    <subfield code="x">Violence against</subfield>
    <subfield code="z">Kenya</subfield>
    <subfield code="v">Cases.</subfield>
    <subfield code="9">59044</subfield>
  </datafield>
  <datafield tag="700" ind1="1" ind2=" ">
    <subfield code="a">Murungi, Michael M.</subfield>
    <subfield code="9">59045</subfield>
  </datafield>
  <datafield tag="710" ind1="2" ind2=" ">
    <subfield code="a">National Council for Law Reporting (Kenya)</subfield>
    <subfield code="9">59000</subfield>
  </datafield>
  <datafield tag="856" ind1="4" ind2="1">
    <subfield code="3">Table of contents only</subfield>
    <subfield code="u">http://www.loc.gov/catdir/toc/fy14pdf01/2012311603.html</subfield>
  </datafield>
  <datafield tag="906" ind1=" " ind2=" ">
    <subfield code="a">7</subfield>
    <subfield code="b">cbc</subfield>
    <subfield code="c">origode</subfield>
    <subfield code="d">2</subfield>
    <subfield code="e">ncip</subfield>
    <subfield code="f">20</subfield>
    <subfield code="g">y-gencatlg</subfield>
  </datafield>
  <datafield tag="942" ind1=" " ind2=" ">
    <subfield code="2">lcc</subfield>
    <subfield code="c">BK</subfield>
  </datafield>
  <datafield tag="999" ind1=" " ind2=" ">
    <subfield code="c">68792</subfield>
    <subfield code="d">68766</subfield>
  </datafield>
  <datafield tag="952" ind1=" " ind2=" ">
    <subfield code="0">0</subfield>
    <subfield code="1">0</subfield>
    <subfield code="2">lcc</subfield>
    <subfield code="4">0</subfield>
    <subfield code="7">0</subfield>
    <subfield code="8">GEN</subfield>
    <subfield code="a">CPL</subfield>
    <subfield code="b">CPL</subfield>
    <subfield code="c">PROC</subfield>
    <subfield code="d">2026-01-23</subfield>
    <subfield code="e">Purchase- National Council for Law Reporting</subfield>
    <subfield code="g">34.60</subfield>
    <subfield code="l">0</subfield>
    <subfield code="o">KSK4200 .A49 2011</subfield>
    <subfield code="p">T01447W3232</subfield>
    <subfield code="r">2026-02-10 09:29:51</subfield>
    <subfield code="t">Vol. 1</subfield>
    <subfield code="v">34.60</subfield>
    <subfield code="w">2026-02-10</subfield>
    <subfield code="y">BK</subfield>
  </datafield>
</record>
